[Event "Stay Safe Play From Home 142"]
[Site "T#645977Emanuel Laske"]
[Date "2020.05.12"]
[Round "6"]
[White "Weltszmerc"]
[Black "rohit2007"]
[Result "0-1"]
[WhiteElo "2066"]
[BlackElo "2256"]
[Annotator "TA"]
[PlyCount "102"]
[EventDate "2020.05.12"]
[EventType "swiss (blitz)"]

{[%evp 9,102,29,26,44,100,31,66,0,0,0,8,0,16,0,-6,-17,0,-45,19,0,44,19,22,21,20,0,0,-30,-17,-9,0,-4,-10,-7,0,-4,0,-27,-8,-8,-8,-8,-12,-8,0,0,0,-581,-544,-490,-435,-377,-344,-406,0,0,0,0,29958,0,29965,29968,29972,29973,29973,0,0,0,0,0,0,0,0,0,0,-5118,-5085,-4134,-82,-29984,-29984,-29982,-83,-90,-90,-86,-100,-76,0,-31,0,0,0,0,0]} 1. d4 c5 2. c4 cxd4 3. Nf3 d5 4. e3 dxc4 5. Bxc4 Nc6 6. exd4 {D21: Queen's Gambit Accepted: 3 Nf3 sidelines.} g6 (6... e6 $14) 7. Be3 (7. d5 $16 Nb8 8. O-O) 7... Bg7 8. h3 (8. Qb3 $14) 8... Nf6 9. O-O O-O 10. Nc3 {[#]} a6 $146 ({Predecessor:} 10... Bf5 11. Ne5 Nxe5 12. dxe5 Ne4 13. Nxe4 Bxe4 14. f4 Qc8 15. Rc1 Qd8 16. Qb3 e6 {1-0 (31) Darini,P (2027)-Bukhalaf,K Dubai 2003}) 11. a3 b5 12. Ba2 Bb7 13. b4 Nb8 (13... e6 $15) 14. Rc1 Nd5 15. Nxd5 (15. Bxd5 {seems wilder.} Bxd5 16. Re1 Bb7 17. Bg5 Re8 18. Qe2) 15... Bxd5 16. Bxd5 Qxd5 17. Qc2 Nd7 18. Qc6 Qxc6 19. Rxc6 Rfc8 20. Rfc1 Rxc6 21. Rxc6 Kf8 22. Bf4 Ke8 23. Ne5 Nxe5 24. Bxe5 Bxe5 25. dxe5 $11 {[%mdl 4096] Endgame KR-KR} Kd7 26. Rc5 Rc8 27. Rxc8 Kxc8 {KP-KP} 28. f4 $2 {[%mdl 8192]} (28. Kh2 $1 $11 {and White is okay.}) 28... Kd7 $19 29. Kf2 Ke6 30. Ke3 Kd5 $1 {[%cal Rd5c4]} 31. Kd3 {[#]} f6 $2 (31... h6 $1 $19 32. h4 {[#]} g5 $1 {[%mdl 512]} 33. hxg5 hxg5) 32. exf6 $11 exf6 33. g4 f5 $2 {[%mdl 8192]} (33... g5 $11 34. f5 h6) 34. g5 Kc6 $2 {[%mdl 8192]} (34... Ke6 $11) 35. Kd4 Kd6 36. h4 Kd7 37. Kc5 $2 (37. Kd5 Kc7 38. Ke5 Kc6 39. Kf6 Kd5 40. Kg7 Ke4 41. Kxh7 Kxf4 42. h5 {[%mdl 64] Promotion} gxh5 43. g6) 37... Kc7 $1 38. Kd5 Kd7 $1 39. Ke5 {Strongly threatening Kf6.} Ke7 $1 40. h5 gxh5 41. Kxf5 {Ke4 is the strong threat.} Kf7 $1 42. Ke5 $2 {[%mdl 8192]} (42. Ke4 $11 Kg6 43. Ke5) 42... h4 $19 43. Ke4 Kg6 $2 (43... h3 $19 {And now ...h2 would win.} 44. Kf3 Ke6) 44. Ke5 $2 {[%mdl 8192]} (44. f5+ $17 Kxg5 45. Ke5) 44... h3 45. f5+ Kxg5 $2 (45... Kf7 {mates} 46. Kd6 h2 47. Kc7 h1=Q 48. g6+ hxg6 49. Kd7 gxf5 50. Kd6 f4 51. Kd7 f3 52. Kd6 f2 53. Kd7 f1=Q 54. Kc8 Qf4 55. Kd8 Qa8+ 56. Kd7 Qe8#) 46. f6 $17 {Hoping for f7.} h2 47. f7 h1=Q {( -> ...Qf1)} 48. f8=Q {Qg7+ would kill now.} Qe1+ ({Black should try} 48... Qh2+ $17 49. Kd5 Qh5) 49. Kd6 Qd2+ (49... Qe4 $5 {[%cal Re4f4]} 50. Qd8+ Kg4 $17) 50. Kc6 {White wants to play Qg7+.} Qc3+ 51. Kb7 {Threatens to win with Qc5+.} Qxa3 {[%mdl 32768] Accuracy: White = 62%, Black = 65%. . Loss on time!?} 0-1

[Event "Stay Safe Play From Home 142"]
[Site "T#645977Emanuel Laske"]
[Date "2020.05.12"]
[Round "6"]
[White "CastlingArrocco"]
[Black "Mepe_Nika"]
[Result "1-0"]
[WhiteElo "1959"]
[BlackElo "2359"]
[Annotator "TA"]
[PlyCount "93"]
[EventDate "2020.05.12"]
[EventType "swiss (blitz)"]

{[%evp 9,93,-38,-40,-47,-52,-40,-45,-47,-17,-12,224,227,224,213,219,214,235,183,355,186,212,147,175,22,119,30,27,27,18,13,35,0,35,40,96,67,79,0,0,0,927,895,1845,1799,2607,2350,5010,5002,29984,29980,29987,29988,29989,29990,29998,29999,29999,29990,29991,29992,29992,29992,29994,29991,29992,29993,29993,29990,29991,29992,29992,29993,29994,29994,29996,29994,29997,29991,29994,29992,29992,29993,29996,29993,29996,29993]} 1. d4 d5 2. e3 Nf6 3. f4 Bg4 4. Nf3 e6 5. Be2 c5 6. Ne5 {D00: 1 d4 d5: Unusual lines.} Bxe2 7. Qxe2 Nc6 8. c3 {Black is slightly better.} Ne4 {next ...Qh4+ is good for Black.} 9. O-O {[#]} f6 $146 {[#]} (9... Bd6 $11) ({Predecessor:} 9... Nxe5 10. fxe5 Be7 11. Qb5+ Qd7 12. Qxd7+ Kxd7 13. Rxf7 Raf8 14. Rf3 Bg5 15. Na3 h5 {0-1 (27) Reimanis,R (2335)-Thorfinnsson,B (2400) chess.com INT 2018}) 10. Qh5+ $1 $18 g6 {[#]} 11. Nxg6 $1 {[%mdl 512]} hxg6 12. Qxh8 Kf7 13. Qh3 Bd6 $2 (13... Bg7 14. Nd2 f5 15. Nxe4 dxe4) 14. Qf3 (14. Qh7+ $142 Ke8 15. Nd2 Nxd2 16. Bxd2) 14... Qb6 15. Qe2 Rh8 16. h3 $2 (16. Nd2 $18) 16... Ne7 (16... Ng3 $11 {keeps the balance.} 17. Qf3 Nxf1 18. Qxf1 Ne7) 17. Nd2 (17. Qe1 $16) 17... Ng3 $11 {[%mdl 64] Double Attack} 18. Qg4 Nxf1 19. Nxf1 Nf5 20. Qe2 cxd4 (20... a6 {looks sharper.} 21. Rb1 Qc7 22. Ra1 Qb6) 21. exd4 e5 ({Black should play} 21... Qc7 $14) 22. fxe5 fxe5 23. Be3 (23. g4 $16 Ne7 24. Qf2+ Ke6 25. Be3) 23... exd4 24. cxd4 Nxd4 $2 {[%mdl 8192] White leaves nothing to chance now.} (24... Re8 $11 25. Qf2 Kg8) 25. Qf2+ $18 Ke7 26. Bxd4 Qb5 27. Bxh8 Bc5 28. Bd4 Bb6 29. Bxb6 {White mates.} axb6 30. Re1+ Kd7 31. Qf7+ {[%mdl 64] Double Attack} Kd6 32. Qe7+ Kc6 33. Rc1+ Qc5+ 34. Rxc5+ bxc5 35. Qf6+ Kb5 36. Qc3 b6 {[#]} 37. a4+ $1 Kc6 (37... Kxa4 38. Ne3) 38. Qb3 d4 39. Qb5+ Kd5 40. Nd2 d3 41. Qxb6 Kd4 42. Qxg6 {[%csl Gd2][%cal Rg6e4]} c4 {[#]} 43. Nxc4 $1 d2 (43... Kxc4 44. Qe4+) 44. Qc2 d1=Q+ 45. Qxd1+ Kc5 46. Qf3 Kb4 47. g4 {Accuracy: White = 47%, Black = 29%.} 1-0

[Event "Stay Safe Play From Home 142"]
[Site "T#645977Emanuel Laske"]
[Date "2020.05.12"]
[Round "6"]
[White "Trotsky"]
[Black "matanant"]
[Result "1-0"]
[WhiteElo "1563"]
[BlackElo "1586"]
[Annotator "NA RC"]
[PlyCount "61"]
[EventDate "2020.05.12"]
[EventType "swiss (blitz)"]

1. d4 {[%emt 0:00:01]} e6 {[%emt 0:00:02]} 2. e3 {[%emt 0:00:01]} f5 {[%emt 0:00:00]} 3. c4 {[%emt 0:00:01]} Nf6 {[%emt 0:00:00]} 4. Nc3 {[%emt 0:00:01]} Bb4 {[%emt 0:00:02]} 5. Bd3 {[%emt 0:00:01]} d5 {[%emt 0:00:02]} 6. Qc2 {[%emt 0:00:01]} dxc4 {[%emt 0:00:03]} 7. Bxc4 {[%emt 0:00:01]} Ne4 {[%emt 0:00:01]} 8. Bd2 {[%emt 0:00:01]} Nxd2 {[%emt 0:00:02]} 9. Qxd2 {[%emt 0:00:02]} O-O {[%emt 0:00:02]} 10. Bd3 {[%emt 0:00:01]} c5 {[%emt 0:00:04]} 11. Qc2 {[%emt 0:00:01]} cxd4 {[%emt 0:00:04]} 12. exd4 {[%emt 0:00:01]} Qxd4 {[%emt 0:00:01]} 13. O-O-O {[%emt 0:00:01]} Bxc3 {[%emt 0:00:02]} 14. bxc3 {[%emt 0:00:03]} Qc5 {[%emt 0:00:03]} 15. Nf3 {[%emt 0:00:01]} Nc6 {[%emt 0:00:02]} 16. h4 {[%emt 0:00:05]} b5 {[%emt 0:00:03]} 17. g4 {[%emt 0:00:02]} a5 {[%emt 0:00:03]} 18. gxf5 {[%emt 0:00:01]} exf5 {[%emt 0:00:01]} 19. Ng5 {[%emt 0:00:01]} b4 {[%emt 0:00:03]} 20. c4 {[%emt 0:00:01]} a4 {[%emt 0:00:02]} 21. h5 {[%emt 0:00:04]} Nd4 {[%emt 0:00:04]} 22. Qb1 {[%emt 0:00:02]} b3 {[%emt 0:00:02]} 23. a3 {[%emt 0:00:02] '} Qxa3+ {[%emt 0:00:03]} 24. Kd2 {[%emt 0:00:06]} Qb4+ {[%emt 0:00:02]} 25. Kc1 {[%emt 0:00:03]} a3 {[%emt 0:00:01]} 26. Rd2 {[%emt 0:00:04]} b2+ {[%emt 0:00:01]} 27. Rxb2 {[%emt 0:00:03]} axb2+ {[%emt 0:00:01]} 28. Qxb2 {[%emt 0:00:01]} Qxb2+ {[%emt 0:00:03]} 29. Kxb2 {[%emt 0:00:01]} Bb7 {[%emt 0:00:01]} 30. Kc3 {[%emt 0:00:01]} Be4 {[%emt 0:00:00]} 31. Bxe4 {[%emt 0:00:01] Time (Lag: Av=1.19s, max=10.8s)} 1-0

[Event "Stay Safe Play From Home 142"]
[Site "T#645977Emanuel Laske"]
[Date "2020.05.12"]
[Round "6"]
[White "Tobo Rubirosa"]
[Black "Nagaram"]
[Result "1/2-1/2"]
[WhiteElo "1396"]
[BlackElo "1495"]
[Annotator "NA RC"]
[PlyCount "92"]
[EventDate "2020.05.12"]
[EventType "swiss (blitz)"]

1. Nf3 {[%emt 0:00:05]} d5 {[%emt 0:00:02]} 2. d4 {[%emt 0:00:00]} c5 {[%emt 0:00:03]} 3. c4 {[%emt 0:00:01]} e6 {[%emt 0:00:01]} 4. g3 {[%emt 0:00:01]} Nf6 {[%emt 0:00:01]} 5. Bg2 {[%emt 0:00:01]} Bd6 {[%emt 0:00:01]} 6. O-O {[%emt 0:00:01]} O-O {[%emt 0:00:02]} 7. dxc5 {[%emt 0:00:01]} Bxc5 {[%emt 0:00:01]} 8. a3 {[%emt 0:00:01]} a5 {[%emt 0:00:02]} 9. Qc2 {[%emt 0:00:02]} Nc6 {[%emt 0:00:01]} 10. cxd5 {[%emt 0:00:02]} Bd6 {[%emt 0:00:04]} 11. dxc6 {[%emt 0:00:03]} bxc6 {[%emt 0:00:02]} 12. Nc3 {[%emt 0:00:01]} Bb7 {[%emt 0:00:01]} 13. Bg5 {[%emt 0:00:01]} Be7 {[%emt 0:00:01]} 14. Rfd1 {[%emt 0:00:02]} Qc7 {[%emt 0:00:02]} 15. Rac1 {[%emt 0:00:02]} h6 {[%emt 0:00:01]} 16. Bxf6 {[%emt 0:00:03]} Bxf6 {[%emt 0:00:00]} 17. Nb5 {[%emt 0:00:01]} Qb6 {[%emt 0:00:04]} 18. Nd6 {[%emt 0:00:01]} Rfd8 {[%emt 0:00:02]} 19. Nxb7 {[%emt 0:00:02]} Rxd1+ {[%emt 0:00:01]} 20. Rxd1 {[%emt 0:00:04]} Qxb7 {[%emt 0:00:00]} 21. Nd4 {[%emt 0:00:03]} Rd8 {[%emt 0:00:04]} 22. Nxc6 {[%emt 0:00:02]} Rxd1+ {[%emt 0:00:02]} 23. Qxd1 {[%emt 0:00:01]} Qxc6 {[%emt 0:00:01]} 24. Bxc6 {[%emt 0:00:02]} Kh7 {[%emt 0:00:02]} 25. Qd3+ {[%emt 0:00:02]} g6 {[%emt 0:00:02]} 26. Qd7 {[%emt 0:00:01]} Kg7 {[%emt 0:00:01]} 27. Be4 {[%emt 0:00:02]} Bxb2 {[%emt 0:00:02]} 28. Bd3 {[%emt 0:00:00]} Bxa3 {[%emt 0:00:01]} 29. Bc4 {[%emt 0:00:01]} Bb4 {[%emt 0:00:01]} 30. Bxe6 {[%emt 0:00:02]} Kf6 {[%emt 0:00:01]} 31. Qxf7+ {[%emt 0:00:01]} Ke5 {[%emt 0:00:00]} 32. f4+ {[%emt 0:00:02]} Kd6 {[%emt 0:00:02]} 33. Qxg6 {[%emt 0:00:00]} a4 {[%emt 0:00:01]} 34. Qxh6 {[%emt 0:00:00]} a3 {[%emt 0:00:01]} 35. Qg6 {[%emt 0:00:00]} a2 {[%emt 0:00:01]} 36. Qd3+ {[%emt 0:00:00]} Kc5 {[%emt 0:00:03]} 37. Qa6 {[%emt 0:00:00]} Ba5 {[%emt 0:00:01]} 38. Qxa5+ {[%emt 0:00:01]} Kd4 {[%emt 0:00:01]} 39. Qxa2 {[%emt 0:00:00]} Ke3 {[%emt 0:00:00]} 40. h4 {[%emt 0:00:01]} Kd4 {[%emt 0:00:00]} 41. h5 {[%emt 0:00:00]} Kc5 {[%emt 0:00:00]} 42. h6 {[%emt 0:00:00]} Kd6 {[%emt 0:00:00]} 43. h7 {[%emt 0:00:02]} Kc7 {[%emt 0:00:00]} 44. h8=Q {[%emt 0:00:00]} Kd6 {[%emt 0:00:00]} 45. Qg8 {[%emt 0:00:00]} Kc5 {[%emt 0:00:00]} 46. Qf7 {[%emt 0:00:00]} Kb6 {[%emt 0:00:00] Tiempo (Lag: Av=0.82s, max=1.2s) .} 1/2-1/2

[Event "Stay Safe Play From Home 142"]
[Site "T#645977Emanuel Laske"]
[Date "2020.05.12"]
[Round "7"]
[White "Onlyforchess"]
[Black "SoulofWolf"]
[Result "1-0"]
[WhiteElo "2553"]
[BlackElo "2122"]
[Annotator "TA"]
[PlyCount "45"]
[EventDate "2020.05.12"]
[EventType "swiss (blitz)"]

{[%evp 9,45,34,31,42,44,36,45,-27,68,62,75,82,72,70,95,78,108,75,69,0,393,389,378,382,455,465,470,419,528,464,724,540,533,514,1052,1048,1493,1423]} 1. e4 d5 2. exd5 Nf6 3. Nc3 Nxd5 4. Nf3 Nf6 5. Bc4 e6 6. d4 {B01: Scandinavian Defence.} Be7 7. O-O a6 8. d5 {[#]} ({White should play} 8. a4 $14) 8... O-O $146 (8... b5 $11 9. Bb3 c5) ({Predecessor:} 8... b5 9. Bb3 c5 10. dxc6 Qc7 11. Qe2 Nxc6 12. Ne4 Bb7 13. Nxf6+ Bxf6 14. c3 h6 15. Be3 O-O {0-1 (15) Schlegel,H-Eichner,L (1886) GER email 2013}) 9. dxe6 $14 Bxe6 10. Bxe6 fxe6 11. Qe2 $36 {[%mdl 2048] White fights for an advantage.} Qc8 12. Ng5 Bb4 13. Qc4 Bxc3 14. Nxe6 (14. bxc3 $14 Re8 15. Re1) 14... Kh8 $2 {[%mdl 8192] [#]} (14... Be5 $1 $11 {and Black stays safe.}) 15. Nxf8 $18 ({Not} 15. bxc3 b5 $16) 15... Be5 16. Re1 Bd6 17. Ne6 Nc6 18. Bg5 Ne5 19. Qb3 {White is clearly winning.} Qe8 (19... Qg8 $142 20. Bf4 Nfd7 21. Bxe5 (21. Qxb7 Rb8 $16) 21... Nxe5) 20. Rad1 Qg6 21. f4 Nc6 (21... Ned7 $142 22. Bxf6 gxf6 23. Qxb7 Rg8) 22. Qxb7 {[%mdl 64] [#] Double Attack} Ne7 23. Qxa8+ {Accuracy: White = 65%, Black = 33%.} 1-0

[Event "Stay Safe Play From Home 142"]
[Site "T#645977Emanuel Laske"]
[Date "2020.05.12"]
[Round "7"]
[White "Mepe_Nika"]
[Black "Ionutn28"]
[Result "1-0"]
[WhiteElo "2328"]
[BlackElo "1771"]
[Annotator "TA"]
[PlyCount "73"]
[EventDate "2020.05.12"]
[EventType "swiss (blitz)"]

{[%evp 20,73,76,79,92,38,79,69,59,49,51,52,50,-29,50,-38,28,11,33,30,35,8,16,6,14,-75,0,-59,-64,-44,-50,-42,208,168,256,225,291,283,379,379,785,775,738,731,1064,1028,2806,2858,2726,2552,2510,2415,2109,1819,29986,29987]} 1. d4 d5 2. c4 c6 3. Nc3 Nf6 4. Nf3 e6 5. g3 Be7 6. Bg2 O-O 7. O-O Nbd7 8. Qd3 Bd6 9. e4 dxe4 10. Nxe4 Nxe4 11. Qxe4 Nf6 {E07: Closed Catalan: Main Line (5 Nf3 0-0 6 0-0 Nbd7).} 12. Qd3 {[#]} (12. Qe2 $16) 12... Bd7 $146 ({Predecessor:} 12... Qd7 13. Bg5 Be7 14. Ne5 Qc7 15. Bf4 Nh5 16. Qf3 Nxf4 17. Qxf4 Qb6 18. b3 f6 {0-1 (37) Taba Tabai,M-Matus,N Al Ain 2013}) 13. Bg5 h6 {White is slightly better.} 14. Bxf6 (14. Be3 {seems wilder.} Qe7 15. Ne5 Rfd8 16. Rad1 Be8 17. Qe2) 14... Qxf6 15. Rad1 Rfd8 16. a3 (16. Qe3 $14) 16... Rac8 (16... c5 $1 $11) 17. Rfe1 (17. c5 $14 Bc7 18. Rfe1) 17... b6 (17... c5 $1 $15) 18. Ne5 Bxe5 19. dxe5 Qe7 20. Qd6 Qf8 21. h4 c5 {Strongly threatening ...Qe8.} 22. Bb7 {[#]} (22. b3 $11) 22... Rb8 (22... Ba4 $1 $17 23. Qxf8+ Kxf8 24. Rxd8+ Rxd8) 23. Qc7 (23. Bc6 $11 Qxd6 24. Rxd6 Bxc6 25. Rxc6) 23... Ba4 $15 24. Rd6 Rxd6 25. exd6 Qd8 $2 {Loses the game.} (25... Rd8 $15) 26. Ba6 Bd7 (26... Qf8 {is a better defense.} 27. Re3 Rd8) 27. Rd1 ({Much less strong is} 27. Qxa7 $6 Ra8 $16) 27... Kf8 28. b4 ({Resist} 28. Qxa7 $6 Ra8 $16) 28... cxb4 29. axb4 {[%cal Ba3b4,Bb4c5][%mdl 32]} Ke8 $2 {[#]} (29... Ba4) 30. c5 $18 bxc5 31. bxc5 Ba4 32. Rd4 Bb5 33. Bxb5+ Rxb5 34. Qc6+ Qd7 35. Qa8+ Qd8 36. Qxa7 Rb8 37. d7+ {Accuracy: White = 65%, Black = 32%.} 1-0

[Event "Stay Safe Play From Home 142"]
[Site "T#645977Emanuel Laske"]
[Date "2020.05.12"]
[Round "7"]
[White "rohit2007"]
[Black "CastlingArrocco"]
[Result "0-1"]
[WhiteElo "2265"]
[BlackElo "1989"]
[Annotator "TA"]
[PlyCount "122"]
[EventDate "2020.05.12"]
[EventType "swiss (blitz)"]

{[%evp 9,122,8,28,39,52,2,45,46,309,262,219,163,174,143,113,0,0,-132,328,201,194,203,801,-626,-629,-710,-698,-805,-637,-932,-927,-959,-937,-1185,-908,-888,-807,-800,-794,-756,-749,-904,-897,-887,-860,-845,-829,-820,-856,-831,-828,-843,-837,-877,-604,-578,-408,-388,-247,-334,-330,-318,-277,-277,-252,-259,-240,-2327,-2192,-2118,-1081,-29972,-29973,-29973,-29974,-29974,-29974,-29973,-29974,-29975,-29966,-29977,-29978,-29978,-29979,-29983,-29984,-29984,-29982,-29982,-29982,-29981,-29979,-29976,-29977,-29977,-29976,-29972,-8,-8,0,-8,0,-29973,-8,-8,0,0,0,0,0,0,0,0,0]} 1. e4 e6 2. Nf3 a6 3. d4 b5 {[#]} 4. Na3 $146 ({Predecessor:} 4. Bd3 Bb7 5. Qe2 Nf6 6. Nbd2 c5 7. c3 cxd4 8. cxd4 Be7 9. O-O d6 10. Re1 O-O 11. Nf1 Nbd7 12. Ng3 Qc7 13. Bg5 Rfc8 {1-0 (32) Rublevsky,S (2702)-Nielsen,P (2654) Berlin 2015}) 4... Bb7 5. Bd3 Nf6 6. e5 {C01: French: Exchange Variation.} Nd5 7. c4 bxc4 8. Nxc4 {White is slightly better.} c6 $2 {[%mdl 8192]} (8... a5 $14) 9. O-O Be7 10. Nd6+ Bxd6 11. exd6 O-O 12. Bxh7+ (12. Ne5 $16) 12... Kxh7 $11 13. Ng5+ (13. Ne5 $1 $11 {was the only way to keep the balance.}) 13... Kg6 $2 {[%mdl 8192]} (13... Kg8 $17 {and life is bright. ...f6 is the strong threat.} 14. Qd3 f5) 14. Qg4 {Intending Nxe6+ and mate.} f5 15. Qg3 {White wants to mate with Nxe6+.} f4 $2 {[#]} (15... Kf6 16. Re1 Qe8) 16. Qg4 $4 {[%mdl 8192]} (16. Bxf4 $1 $18 {[%mdl 512]} Qf6 (16... Nxf4 17. Nxe6+) 17. Ne4+ {[%mdl 64] Discovered Attack} Kf7 18. Nxf6 gxf6 19. Qb3) 16... Qxg5 $19 17. Qf3 Ra7 18. Qe4+ Qf5 19. Qf3 {[#]} c5 $1 20. dxc5 {[#]} Ne3 $1 21. Qe2 (21. Bxe3 Bxf3) 21... Nxf1 22. Qxf1 Qg4 23. f3 Qg5 24. Qd3+ Qf5 25. Qe2 Nc6 26. Bd2 Qxc5+ {[%mdl 64] Double Attack} 27. Kh1 Nd4 28. Qd3+ Nf5 29. Bxf4 Qd5 30. Qe2 Bc6 31. Qf2 Bb5 32. Qxa7 Rc8 33. Qf2 Qc5 34. Qxc5 Rxc5 35. Rc1 Rxc1+ 36. Bxc1 Nd4 37. b3 Ne2 38. a4 $2 (38. Bb2) 38... Nxc1 39. axb5 axb5 {[%cal Ba6b5,Bb5b4][%mdl 4128] Endgame KN-KP} 40. b4 Kf5 41. Kg1 Nd3 42. Kf1 Nxb4 43. Ke2 Nd5 44. Kd2 b4 45. Kc2 Kf4 46. Kb3 Ne3 47. h4 Nxg2 {KN-K3P} 48. h5 Kg5 49. Kxb4 Kh6 50. Kc5 Kxh5 {KN-KPP} 51. Kb6 Kg5 52. Kc7 Nf4 53. Kxd7 Nd5 $2 (53... Kf5 54. Kc6 e5 55. d7 Ne6 56. Kd5 Nd8 57. Kd6 Kf4 58. Kd5 g5 59. Kd6 Kxf3 60. Ke7 Nb7 61. Ke6 e4 62. Kf6 e3 63. Ke6 g4 64. Kd5 e2 65. Kc6 Nd8+ 66. Kc7 Ne6+ 67. Kc6 e1=Q 68. d8=R Nxd8+ 69. Kc7 Qe6 70. Kxd8 g3 71. Kc7 g2 72. Kb8 g1=Q 73. Kb7 Qg7+ 74. Kb8 Qeg8#) 54. Kxe6 $11 Nf6 55. Ke7 Kf5 {aiming for ...g5.} 56. Kf7 $2 {[%mdl 8192]} (56. d7 $11 Nxd7 57. Kxd7) 56... Nd7 $2 (56... g5 {mates} 57. Ke7 Nd5+ 58. Kf8 Nb6 59. Kg7 Nd7 60. Kf7 Ne5+ 61. Ke7 Nxf3 62. d7 Nd4 63. d8=N g4 64. Nf7 g3 65. Nd6+ Kf4 66. Ne8 g2 67. Kd6 Nf5+ 68. Kd5 g1=Q 69. Nc7 Qd4+ 70. Kc6 Qc4+ 71. Kb6 Nd4 72. Kb7 Qc6+ 73. Kb8 Ke5 74. Ka7 Qxc7+ 75. Ka8 Qd7 76. Kb8 Nc6+ 77. Ka8 Qc8#) 57. Kxg7 {The position is equal.} Kf4 58. Kf7 Ne5+ 59. Ke7 Ng6+ 60. Ke8 {Hoping for d7.} Ne5 61. d7 Nc6 {[%mdl 32768] Accuracy: White = 51%, Black = 57%. . Loss on time!?} 0-1

[Event "Stay Safe Play From Home 142"]
[Site "T#645977Emanuel Laske"]
[Date "2020.05.12"]
[Round "7"]
[White "Weltszmerc"]
[Black "Trotsky"]
[Result "1-0"]
[WhiteElo "2058"]
[BlackElo "1581"]
[Annotator "RC"]
[PlyCount "37"]
[EventDate "2020.05.12"]
[EventType "swiss (blitz)"]

1. d4 {[%emt 0:00:01]} d5 {[%emt 0:00:01]} 2. c4 {[%emt 0:00:00]} e6 {[%emt 0:00:00]} 3. Nf3 {[%emt 0:00:00]} c5 {[%emt 0:00:01]} 4. g3 {[%emt 0:00:00]} Nc6 {[%emt 0:00:01]} 5. cxd5 {[%emt 0:00:00]} exd5 {[%emt 0:00:01]} 6. Bg2 {[%emt 0:00:00]} Be6 {[%emt 0:00:02]} 7. O-O {[%emt 0:00:00]} c4 {[%emt 0:00:00]} 8. Re1 {[%emt 0:00:02]} Bd6 {[%emt 0:00:01]} 9. Nc3 {[%emt 0:00:01]} Qc7 {[%emt 0:00:01]} 10. e4 {[%emt 0:00:01]} O-O-O {[%emt 0:00:01]} 11. exd5 {[%emt 0:00:01]} Nf6 {[%emt 0:00:02]} 12. dxe6 {[%emt 0:00:02]} fxe6 {[%emt 0:00:01]} 13. Rxe6 {[%emt 0:00:01]} Ng4 {[%emt 0:00:01]} 14. Qe2 {[%emt 0:00:03]} h5 {[%emt 0:00:01]} 15. Nb5 {[%emt 0:00:03]} Qb8 {[%emt 0:00:07]} 16. Nxd6+ {[%emt 0:00:01]} Rxd6 {[%emt 0:00:01]} 17. Bf4 {[%emt 0:00:01]} Rxe6 {[%emt 0:00:02]} 18. Qxe6+ {[%emt 0:00:01]} Kd8 {[%emt 0:00:02]} 19. Bxb8 {[%emt 0:00:01] Trotsky Ñäàåòñÿ (Lag: Av=0.55s, max=0.7s)} 1-0

[Event "Stay Safe Play From Home 142"]
[Site "T#645977Emanuel Laske"]
[Date "2020.05.12"]
[Round "7"]
[White "Haxhi Baha"]
[Black "Lazieri3"]
[Result "0-1"]
[WhiteElo "2016"]
[BlackElo "2091"]
[Annotator "TA"]
[PlyCount "60"]
[EventDate "2020.05.12"]
[EventType "swiss (blitz)"]

{[%evp 10,59,13,2,60,8,18,-26,-31,-45,-30,-34,-29,-44,-49,-30,-15,-54,-49,-37,-45,-76,-67,-77,-67,-83,-76,-97,-79,-185,-53,-215,-216,-200,-178,-243,-68,-5281,-2162,-29982,-29983,-29977,-5443,-29984,-5452,-29982,-29983,-29983,-29984,-29984,-29984,-29999]} 1. e4 c6 2. d4 d5 3. exd5 cxd5 4. Nf3 Nc6 5. c4 Nf6 6. Nc3 Bf5 {B13: Caro-Kann: Exchange Variation and Panov-Botvinnik Attack.} (6... g6 $11) 7. h3 ({White should try} 7. Qb3 $14) 7... e6 $11 {White should prevent ...Nb4.} 8. cxd5 (8. c5 {with more complications.} Be7 9. Bb5 O-O 10. Bf4 Ne4 11. O-O) 8... Nxd5 {[#] aiming for ...Ndb4.Black has an edge.} 9. Bd2 $146 ({Predecessor:} 9. Qb3 Ndb4 10. Qa4 Nc2+ 11. Kd2 Nxa1 12. Bb5 Be7 13. Bxc6+ bxc6 14. Qxc6+ Kf8 15. g4 {0-1 (44) Ye,K (1471)-Sanitt,L (1628) Llandudno 2017}) 9... Nxc3 10. bxc3 Bd6 11. Bc4 O-O 12. O-O h6 13. a4 Rc8 14. Bb3 Na5 15. Bc2 Bxc2 16. Qxc2 Nc4 17. Be3 b6 18. Qe4 Bb8 19. Qg4 (19. Rfe1 $17) 19... Kh8 (19... Nxe3 $19 20. fxe3 f5) 20. h4 $2 (20. Bc1 $15) 20... Nxe3 21. fxe3 Rxc3 22. e4 (22. Qe4 $142) 22... Rxf3 $2 ({Better is} 22... f5 $19 23. exf5 exf5) 23. Rxf3 $4 {[%mdl 8192]} (23. Qxf3 $15 Qxd4+ 24. Kh1) 23... Qxd4+ $19 {[%mdl 64] [#] Double Attack} 24. Kf1 Qxa1+ 25. Kf2 Qe5 (25... Rc8 $142 26. Re3 Rc2+ 27. Qe2 Rxe2+ 28. Kxe2 Qxa4 29. Kf2 Qc2+ 30. Kf3 Qd1+ 31. Kf2 Qd2+ 32. Kf3 Bd6 33. h5 Bc5 34. Re2 Qd3+ 35. Kg4 Qxe2+ 36. Kh3 Qxe4 37. g4 Qf3+ 38. Kh2 Qxg4 39. Kh1 Qh3#) 26. h5 Bd6 (26... Qd4+ $142 27. Re3 {[#]} f5 $1 {[%mdl 512]} 28. Qf3 Bd6 29. exf5 Rxf5 30. Qxf5 exf5 31. Ke2 Qxa4 32. g4 fxg4 33. Rc3 g3 34. Kf3 Qf4+ 35. Ke2 g2 36. Rf3 Qc4+ 37. Kf2 Qf1+ 38. Ke3 g1=Q+ 39. Kd2 Qd1+ 40. Kc3 Qgd4#) 27. g3 Bc5+ {Black mates.} 28. Kg2 Qb2+ 29. Kh3 Qc1 {[%cal Rc1h1]} 30. e5 Qh1# {Accuracy: White = 33%, Black = 70%.} 0-1